000 00380nam a22001217a 4500
999 _c5521
_d5521
008 250926b ||||| |||| 00| 0 eng d
020 _a9781398500694
082 _a823.92 ELP
100 _aELPHINSTONE,ABI
_eAUTHOR
_lENGLISH
245 _aEMBER SPARK AND THE THUNDER OF DRAGONS
260 _a1ST FLOOR,222 GRAY'S INN ROAD,LONDON,WC1X 8HB
_bSIMON & SCHUSTER UK LTD
_c2024
942 _2ddc